| 000 | 00904 a2200205 4500 | ||
|---|---|---|---|
| 008 | 080820t xxu||||| |||| 00| 0 eng d | ||
| 010 | _aENG-84810 | ||
| 020 |
_a8175345500 _c895.00 |
||
| 035 | _aEN-68343 | ||
| 082 | _a342.540662 | ||
| 100 | _aBarowalia, J. N. | ||
| 245 |
_aCommentary on the right to information act _cby J. N. Barowalia |
||
| 260 |
_aNew Delhi : _bUniversal Law Publishing, _c2006. |
||
| 270 |
_aC-FF-1A, Dilkhush Industrial Area, G. T. Karnal Road, _bDelhi _cDelhi _e110033 _k011-27438103, 27215334 _l011-27458529 _msales@unilawbooks.com |
||
| 300 |
_axxxiv, 903 p. _c24 cm. (Hb) |
||
| 500 | _aIncludes index | ||
| 650 | _aRight to information act | ||
| 942 |
_adpl _cEN _k342.540662 / BAR _2ddc _h342.540662 _mBAR |
||
| 999 |
_c452 _d452 |
||